The occupation of Japan : Second phase: 1948-50

This volume provides an authoritative, up-to-date survey of Japan's progress toward economic recovery and political autonomy. No such concise general survey of occupation developments and problems has been available since the earlier IPR book.

Сохранить в:
Библиографические подробности
Главный автор: Fearey, Robert A.
Формат:
Язык:Undetermined
Опубликовано: New York Macmillan 1950
Предметы:
Метки: Добавить метку
Нет меток, Требуется 1-ая метка записи!
Thư viện lưu trữ: Trung tâm Học liệu Trường Đại học Cần Thơ
LEADER 00841nam a2200217Ia 4500
001 CTU_114325
008 210402s9999 xx 000 0 und d
082 |a 940.5352 
082 |b F288 
100 |a Fearey, Robert A. 
245 4 |a The occupation of Japan : 
245 0 |b Second phase: 1948-50 
245 0 |c Robert A. Fearey; With a preface by Joseph C. Grew 
260 |a New York 
260 |b Macmillan 
260 |c 1950 
520 |a This volume provides an authoritative, up-to-date survey of Japan's progress toward economic recovery and political autonomy. No such concise general survey of occupation developments and problems has been available since the earlier IPR book. 
650 |a Japan 
650 |x History,Allied occupation, 1945-1952 
904 |i Giang 
980 |a Trung tâm Học liệu Trường Đại học Cần Thơ